00583nam a2200169Ia 4500008004100000100001900041245010500060245001900165260005900184260000900243300001000252650001800262650001500280856002600295999001900321952007300340170221s9999 xx 000 0 und d aS. Arulchelvan aNew media communication strategies for election campaigns: Experiences of Indian political parties  cS. Arulchelvan bOnline Journal of Communication and Media Technologies c2014 a4 : 3 xCommunication xMedia Arts uhttp://www.ojcmt.net/ c307179d307179 001040aCLbCLd2017-02-21l0r2017-02-21 00:00:00w2017-02-21yFOJ